| 000 | 02690nam a2200289 i 4500 | ||
|---|---|---|---|
| 003 | DO-SdBNP | ||
| 005 | 20260327130740.0 | ||
| 007 | ta | ||
| 008 | 230818e2020 dr aobc| |||| 00| 0 spa d | ||
| 020 | _a9789945807561 | ||
| 040 |
_aDO-SdBNP _bspa _cBNPHU _erda |
||
| 041 | _aspa | ||
| 082 | 1 |
_axxx _bxxx _222 |
|
| 245 | 1 | 0 |
_aPuntos ciegos de la historia política dominicana y otros escritos / _cHomero Luis Lajara Solá ; cuidado de edición, Cándido Gerón ; compilador, Mario Rosario |
| 250 | _aPrimera edición | ||
| 264 | 4 |
_aSanto Domingo : _bEditora Corripio. _c©2020. |
|
| 300 |
_a176 páginas : _bIlustrciones, fotografías, retratos ; _c23 cm. |
||
| 336 |
_atexto _btxt _2rdacontent |
||
| 337 |
_asin mediación _bn _2rdamedia |
||
| 338 |
_avolumen _bnc _2rdacarrier |
||
| 500 | _aIncluye índice onomástico. | ||
| 505 |
_aDuarte y la "Dominicracia".-- Interpretando la Independencia.-- Sánchez del Marzo Glosario.-- Norcorea: La Tormenta se Acumula.-- El Bloqueo a Catar: Lucha de Intereses.-- _tEl Mito de la Isla Indivisible.-- Haití: refugiados medioambientales.-- HItí, ¿Victima de quién?.-- Cultura Económica.-- El Calentamiento Global.-- Mi Padre y su Afición por la Literatura.-- Compromiso Duartiano.-- El Futuro Ante la Historia.-- Civismo y Compromiso Remembranzas Maternas.-- Trujillo y Haití (1930 - 1961).-- Bosch y sus Relaciones con Haití (1963).-- El Triunvirato y sus Tensas Relaciones con Haití (1963-1965).-- Los 12 años de Gobierno de Balaguer y Haití (1966-1978).-- El Gobierno.-- El Gobierno del Presidente Antonio Guzmán y sus Relaciones con Haití (1978-1982).-- El Gobierno del Presidente Jorge Blanco y sus Relaciones con Haití (1982-1986).-- _tLos 10 años de Balaguer y sus Relaciones con Haití (1986-1996).-- Primer Gobierno del Dr. Leonel Fernández y su Relación con Haití (1996-2000).-- El Gobierno del Presidente Ing. Hipólito Mejía y su Relación con Haití (2000-2004).-- Los Gobiernos de Leonel Fernández (2004-2012) y su Relación con Haití.-- Experiencia traumática: Literatura y Tiranía.-- Rasgos Fundamentales: El líder Político del Milenio.-- Día Mundial de los Océanos.-- Julio en la Historia Dominicana.-- La Restauración y Nuestra Dominicracia.-- _tPresidente Báez, Planes de Anexión y el Endeudamiento externo del País.-- Apartidismo Militar.-- Epílogo del Siglo XIX en la Historia de la República Dominicana.-- Ambivalencias Políticas de Nuestra "Dominicracia".-- Lecturas Paternas y sus Reflexiones,-- Índice Onomástico. |
||
| 590 | _aInventariado 2023 / MF | ||
| 700 | 1 |
_aGerón, Candido, _d1948- _eeditor _4ed. _93577 |
|
| 700 | 1 |
_dRosario, Mario, _ecompilador _4comp. _983987 |
|
| 942 |
_2ddc _cLBS1 |
||
| 999 |
_c54469 _d54469 |
||